| 000 | 00921nas a2200301 4500 | ||
|---|---|---|---|
| 001 | BR0500733 | ||
| 003 | BR-BrBNA | ||
| 005 | 20231205105152.0 | ||
| 007 | ta | ||
| 008 | 230509b bl.|||p| |||| 00| 00por d | ||
| 040 |
_aBR-BrBNA _bpor _cBiblioteca Nacional de Agricultura |
||
| 041 | _a(Pt) | ||
| 072 | _aF02; F30 | ||
| 100 | 1 | _aScaloppi Júnior, E.J. | |
| 100 | 1 | _aJesus, N. de | |
| 100 | 1 | _aMartins, A.B.G. | |
| 245 | 1 | _aCapacidade de enraizamento de variedades de nespereira submetidas à poda de renovação | |
| 650 | _aNÊSPERA | ||
| 650 | _aENRAIZAMENTO DE ESTACA | ||
| 650 | _aVARIEDADE | ||
| 650 | _aPROPAGAÇÃO VEGETATIVA | ||
| 650 | _aPODA | ||
| 650 | _aÁCIDO INDOLBUTÍRICO | ||
| 650 | _aSÃO PAULO | ||
| 773 | 0 |
_tRevista Brasileira de Fruticultura (Brazil) _xISSN 0100-2945 _g(Apr 2004), v. 26(1) p. 61-64 _wBR0500733 |
|
| 909 |
_a202311 _bLúcia _c55 _dLúcia Elande |
||
| 942 |
_2AGRIS _n0 _cANA |
||
| 999 |
_c181584 _d181584 |
||